MARC

LEADER 00000nam1a2200000 4500
001 15471
005 20231030190230.0
035 |a (RuTPU)RU\TPU\book\15579 
035 |a BOOK00015648 
090 |a 15471 
100 |a 20011209d1966 k y0rusy50 ca 
101 0 |a rus 
102 |a RU 
200 1 |a Человек и общество  |e сборник статей  |f Ленинградский государственный университет (ЛГУ), Научно-исследовательский институт комплексных социальных исследований 
210 |a Ленинград  |c Изд-во ЛГУ  |d 1966-  
305 |a Серия основана в 1966 году. 
712 0 2 |a Ленинградский государственный университет (ЛГУ)  |b Научно-исследовательский институт комплексных социальных исследований (НИИКСИ)  |c (1965-1991)  |2 stltpush  |3 (RuTPU)RU\TPU\col\22071 
801 0 |a RU  |b 63413507  |c 20011209  |g PSBO 
801 2 |a RU  |b 63413507  |c 20170126  |g PSBO 
900 |a Социология 
942 |c BK